000 00779nam a2200253 a 4500
001 000004409
003 OSt
005 20260321073638.0
008 090722s2002 dr 000 0 spa d
020 _a9993476137
040 _aDO-SdBNP
_bspa
_cBNPHU
082 _a321.5
_bB742b, 2002
100 1 _a Bosch, Juan,
_d1909-2001
_976555
245 1 0 _aBreve historia de la oligarquía y tres conferencias sobre el feudalismo /
_cJuan Bosch.
250 _a7a ed.
260 _aSanto Domingo :
_bAlfa y Omega,
_c2002.
300 _a223, [4] p. ;
_c21 cm.
500 _aBibliografía : p. [225]
590 _aInventariado, 2018/LP
650 4 _aOligarquía
_xHistoria
_9257
650 4 _aFeudalismo
_xHistoria
_9256
910 _aValidado. Control de calidad MFF
942 _2ddc
_cLBS1
999 _c4218
_d4218